Hardy Boys Original Series - Statistics

General Stats
  • This quiz has been taken 7 times
  • The average score is 21 of 58
Answer Stats
Hint Answer % Correct
4 The Missing Chums
100%
1 The Tower Treasure
100%
2 The House on the Cliff
86%
3 The Secret of the Old Mill
86%
6 The Shore Road Mystery
86%
5 Hunting for Hidden Gold
71%
12 Footprints Under the Window
57%
40 Mystery of the Desert Giant
57%
13 The Mark on the Door
57%
8 The Mystery of Cabin Island
57%
11 While the Clock Ticked
57%
16 A Figure in Hiding
43%
19 The Disappearing Floor
43%
57 The Firebird Rocket
43%
9 The Great Airport Mystery
43%
44 The Haunted Fort
43%
23 The Melted Coins
43%
45 The Mystery of the Spiral Bridge
43%
26 The Phantom Freighter
43%
7 The Secret of the Caves
43%
25 The Secret Panel
43%
24 The Short-Wave Mystery
43%
15 The Sinister Signpost
43%
58 The Sting of the Scorpion
43%
10 What Happened at Midnight
43%
49 The Bombay Boomerang
29%
35 The Clue in the Embers
29%
21 The Clue of the Broken Blade
29%
53 The Clue of the Hissing Serpent
29%
32 The Crisscross Shadow
29%
22 The Flickering Torch Mystery
29%
14 The Hidden Harbor Mystery
29%
34 The Hooded Hawk Mystery
29%
56 The Jungle Pyramid
29%
54 The Mysterious Caravan
29%
39 The Mystery of the Chinese Junk
29%
46 The Secret Agent on Flight 101
29%
29 The Secret of the Lost Tunnel
29%
31 The Secret of Wildcat Swamp
29%
17 The Secret Warning
29%
18 The Twisted Claw
29%
30 The Wailing Siren Mystery
29%
55 The Witchmaster’s Key
29%
50 Danger on Vampire Trail
14%
47 Mystery of the Whale Tattoo
14%
48 The Arctic Patrol Mystery
14%
41 The Clue of the Screeching Owl
14%
37 The Ghost at Skeleton Rock
14%
51 The Masked Monkey
14%
38 The Mystery at Devil’s Paw
14%
43 The Mystery of the Aztec Warrior
14%
20 The Mystery of the Flying Express
14%
36 The Secret of Pirates’ Hill
14%
27 The Secret of Skull Mountain
14%
52 The Shattered Helmet
14%
28 The Sign of the Crooked Arrow
14%
42 The Viking Symbol Mystery
14%
33 The Yellow Feather Mystery
14%
No matching quizzes found
Score Distribution
Percent of People with Each Score
Percentile by Number Answered
Your Score History
You have not taken this quiz